| 000 | 00678nam a22002177a 4500 | ||
|---|---|---|---|
| 003 | OSt | ||
| 005 | 20250702064723.0 | ||
| 008 | 250618b |||||||| |||| 00| 0 eng d | ||
| 020 | _a978-1-6472-338-1 | ||
| 040 |
_aDWCL - Main lib _cOC |
||
| 082 | _aCirc. 658.456 B694s 2020 | ||
| 100 | _aBolton, Felicity | ||
| 245 |
_aSuccessful business meeting for managers/ _cFelicity Bolton |
||
| 260 |
_aNew York: _bLarsen & Keller Education _cc2020. |
||
| 300 |
_aviii, 235 pages: _billustrations; _c26cm. |
||
| 504 | _aIncludes index. | ||
| 650 | _a1. Executives -- Guidebooks. | ||
| 650 | _a2. Management. | ||
| 650 | _a3. Business meetings. | ||
| 942 |
_2ddc _cBK-CIRC _kCirc. _n0 |
||
| 999 |
_c3119 _d3119 |
||